000 00728nam a2200289Ia 4500
005 20260324125718.0
008 008 260324s9999 xx 000 0 eng d
020 _a9780429482892
037 _aEBOOK
040 _aCRL
040 _beng
040 _cCRL
041 _2eng
041 _aeng
084 _qCRL
100 _aJill M. Miller; Carla Neely
_91179022
245 4 _aThe Psychoanalytic Work of Hansi Kennedy
245 0 _bFrom War Nurseries to the Anna Freud Centre (1940-1993)
260 _bTaylor and Francis
260 _c2008
365 _a
365 _b205
856 _uhttp://www.taylorfrancis.com/books/9780429482892
942 _cEBOOK
999 _c1774536
_d1774536